English file : intermediate plus. Teacher's guide with digital pack /

Saved in:
Bibliographic Details
Main Authors Latham-Koenig, Christina, 1952- (Author), Oxenden, Clive, 1953- (Author), Chomacki, Kate (Author), Merifield, Sue (Author)
Format Book
LanguageEnglish
Published Oxford : Oxford University Press, 2026
EditionFifth edition
Subjects
ISBN978-0-19-414362-2
Physical Description230 stran : ilustrace (některé barevné) ; 30 cm

Cover

LEADER 00000nam a2200000 i 4500
001 115633
003 CZ ZlUTB
005 20260512095526.0
007 ta
008 260512s2026 xxka e fp 000 0 eng d
020 |a 978-0-19-414362-2  |q (kroužková vazba) 
040 |a ZLD002  |b cze  |e rda 
072 7 |a 811.111  |x Angličtina  |2 Konspekt  |9 11 
072 7 |a 37.016  |x Učební osnovy. Vyučovací předměty. Učebnice  |2 Konspekt  |9 22 
080 |a 811.111  |2 MRF 
080 |a (07.063)81  |2 MRF 
080 |a (076.1)  |2 MRF 
080 |a (072)  |2 MRF 
100 1 |a Latham-Koenig, Christina,  |d 1952-  |7 xx0044122  |4 aut 
245 1 0 |a English file :  |b intermediate plus.  |p Teacher's guide with digital pack /  |c Christina Latham-Koenig, Clive Oxenden, Kate Chomacki with Sue Merifield 
250 |a Fifth edition 
264 1 |a Oxford :  |b Oxford University Press,  |c 2026 
300 |a 230 stran :  |b ilustrace (některé barevné) ;  |c 30 cm 
336 |a text  |b txt  |2 rdacontent 
337 |a bez média  |b n  |2 rdamedia 
338 |a svazek  |b nc  |2 rdacarrier 
500 |a "Includes photocopiable grammar, communicative, and vocabulary activities"--Titulní strana 
521 8 |a Pro jazykovou úroveň B1-B2 
650 0 7 |a angličtina  |7 ph114056  |2 czenas 
650 0 9 |a English language  |2 eczenas 
653 |a jazyková úroveň B1-B2 
655 7 |a jazykové učebnice, texty, příručky (B)  |7 fd600891  |2 czenas 
655 7 |a pracovní sešity  |7 fd133116  |2 czenas 
655 7 |a metodické příručky  |7 fd132826  |2 czenas 
655 9 |a language textbooks, texts, handbooks (B)  |2 eczenas 
655 9 |a activity books  |2 eczenas 
655 9 |a methodological manuals  |2 eczenas 
700 1 |a Oxenden, Clive,  |d 1953-  |7 pna2005301759  |4 aut 
700 1 |a Chomacki, Kate  |7 ntk20201079678  |4 aut 
700 1 |a Merifield, Sue  |7 mzk2016922110  |4 aut 
710 2 |a Oxford University Press  |7 ko2003204713  |4 pbl 
910 |a ZLD002 
942 |2 udc 
952 |0 0  |1 0  |4 0  |5 0  |6 8020LATHAMKOENIGCH  |7 0  |8 BOOK  |9 191100  |a UTBZL  |b UTBZL  |c 019  |d 2026-05-12  |l 0  |o 802.0/LATHAM-KOENIG,CH.  |p 420010202099  |r 2026-05-12 09:46:28  |v 863.00  |w 2026-05-12  |x N:nákup  |y 08 
952 |0 0  |1 0  |4 0  |5 0  |6 8020LATHAMKOENIGCH  |7 0  |8 BOOK  |9 191101  |a UTBZL  |b UTBZL  |c 019  |d 2026-05-12  |l 0  |o 802.0/LATHAM-KOENIG,CH.  |p 420010202098  |r 2026-05-12 09:46:42  |v 863.00  |w 2026-05-12  |x N:nákup  |y 08 
952 |0 0  |1 0  |4 0  |5 0  |6 8020LATHAMKOENIGCH  |7 0  |8 BOOK  |9 191102  |a UTBZL  |b UTBZL  |c 019  |d 2026-05-12  |l 0  |o 802.0/LATHAM-KOENIG,CH.  |p 420010202100  |r 2026-05-12 09:46:59  |v 863.00  |w 2026-05-12  |x N:nákup  |y 08 
952 |0 0  |1 0  |4 0  |5 0  |6 8020LATHAMKOENIGCH  |7 0  |8 BOOK  |9 191103  |a UTBZL  |b UTBZL  |c 019  |d 2026-05-12  |l 0  |o 802.0/LATHAM-KOENIG,CH.  |p 420010202096  |r 2026-05-12 09:47:07  |v 863.00  |w 2026-05-12  |x N:nákup  |y 08 
952 |0 0  |1 0  |4 0  |5 0  |6 8020LATHAMKOENIGCH  |7 0  |8 BOOK  |9 191104  |a UTBZL  |b UTBZL  |c 019  |d 2026-05-12  |l 0  |o 802.0/LATHAM-KOENIG,CH.  |p 420010202097  |r 2026-05-12 09:47:17  |v 863.00  |w 2026-05-12  |x N:nákup  |y 08 
952 |0 0  |1 0  |4 0  |5 0  |6 8020LATHAMKOENIGCH  |7 0  |8 BOOK  |9 191105  |a UTBZL  |b UTBZL  |c 019  |d 2026-05-12  |l 1  |o 802.0/LATHAM-KOENIG,CH.  |p 420010202095  |q 2026-06-29  |r 2026-05-14 11:16:56  |s 2026-05-14  |v 863.00  |w 2026-05-12  |x N:nákup  |y 08 
952 |0 0  |1 0  |4 0  |5 0  |6 8020LATHAMKOENIGCH  |7 0  |8 BOOK  |9 191106  |a UTBZL  |b UTBZL  |c 019  |d 2026-05-12  |l 1  |o 802.0/LATHAM-KOENIG,CH.  |p 420010202094  |q 2026-06-29  |r 2026-05-14 11:17:01  |s 2026-05-14  |v 863.00  |w 2026-05-12  |x N:nákup  |y 08 
992 |a BK  |b SKNEW 
999 |c 115633  |d 115633